| Tag |
First Indicator |
Second Indicator |
Subfields |
| LEADER |
00000cam a22000001a 4500 |
| 001 |
in00003376587 |
| 006 |
m d f |
| 007 |
cr bn mmmapmmp |
| 008 |
100717s2001 dcu o f000 0 eng d |
| 005 |
20260430201951.6 |
| 035 |
|
|
|a cis2007894250
|
| 040 |
|
|
|a ProQuest
|c ProQuest
|d UtOrBLW
|
| 043 |
|
|
|a n-us---
|
| 099 |
|
|
|a CRS-1999-GVF-0122
|
| 110 |
2 |
|
|a Library of Congress.
|b Congressional Research Service.
|
| 245 |
1 |
0 |
|a Trends in Defense Spending :
|b Economic Effects at the National and Local Level.
|
| 264 |
|
1 |
|a [Place of publication not identified] :
|b [publisher not identified],
|c 2001.
|
| 300 |
|
|
|a 1 online resource.
|
| 336 |
|
|
|a text
|b txt
|2 rdacontent
|
| 337 |
|
|
|a computer
|b c
|2 rdamedia
|
| 338 |
|
|
|a online resource
|b cr
|2 rdacarrier
|
| 500 |
|
|
|a Record is based on bibliographic data in ProQuest U.S. Congressional Research Digital Collection (last viewed July 2010). Reuse except for individual research requires license from ProQuest, LLC.
|
| 500 |
|
|
|a CRS Report.
|
| 520 |
|
|
|a Analyzes trends in defense spending and the composition of outlay, and industrial, regional, and employment impacts of defense spending reductions. Reviews base closures and realignments, and Federal defense economic adjustment programs for displaced workers and affected communities.
|
| 500 |
|
|
|a Electronic resource.
|
| 650 |
|
0 |
|a Defense spending.
|
| 650 |
|
0 |
|a Economic indicators.
|
| 650 |
|
0 |
|a Occupations.
|
| 655 |
|
7 |
|a Electronic books.
|2 local
|
| 710 |
2 |
|
|a ProQuest (Firm)
|
| 776 |
0 |
8 |
|i Microfiche version:
|a Library of Congress. Congressional Research Service.
|t Trends in Defense Spending
|
| 830 |
|
0 |
|a U.S. Congressional Research.
|
| 856 |
4 |
0 |
|u http://proxy.library.tamu.edu/login?url=https://congressional.proquest.com/congcomp/getdoc?CRDC-ID=CRS-1999-GVF-0122
|z Connect to the full text of this electronic book
|t 0
|
| 999 |
|
|
|a MARS
|
| 999 |
f |
f |
|s 1bedd9c4-b44a-3068-bab4-5958ac7fe579
|i a7bdd98f-6cb2-363a-9459-3467b788cbdb
|t 0
|
| 952 |
f |
f |
|a Texas A&M University
|b College Station
|c Electronic Resources
|s www_evans
|d Available Online
|t 0
|e CRS-1999-GVF-0122
|h Other scheme
|
| 998 |
f |
f |
|a CRS-1999-GVF-0122
|t 0
|l Available Online
|